Infuzní terapie, parenterální a enterální výživa. /

Uložené v:
Podrobná bibliografia
Hlavní autori: Brodanová, Marie (Author), Anděl, Michal (Author)
Médium: Kniha
Jazyk:Czech
Vydané: Praha : Grada Publishing, spol. s r.o., 1994
Vydanie:1. vyd.
Témy:
ISBN: 8085623609 (brož.)
Fyzický popis: 287 s.
Tagy: Pridať tag
Žiadne tagy, Buďte prvý kto otaguje tento záznam!

MARC

LEADER 00000nam a2200000 a 4500
001 000050488
003 SVKK
005 19951102000000.0
008 950807s1994 cs e czeo
020 |a 8085623609 (brož.) 
040 |a SVKKK  |b slo  |c SVKKK  |e AACR2 
041 0 |a cze 
044 |a cs  |c CS 
080 |a 612.39  |2 1997 
080 |a 615.391  |2 1997 
080 |a 616-083.2  |2 1997 
100 1 |a Brodanová, Marie  |4 aut 
245 1 0 |a Infuzní terapie, parenterální a enterální výživa. /  |c Marie Brodanová, Michal Anděl 
250 |a 1. vyd. 
260 |a Praha :  |b Grada Publishing, spol. s r.o.,  |c 1994 
300 |a 287 s. 
653 0 |a infúzie  |2 SVKKKPH 
653 0 |a výživa parenterálna  |2 SVKKKPH 
653 0 |a výživa enterálna  |2 SVKKKPH 
653 0 |a monografie  |2 SVKKKPH 
655 7 |a monografie  |2 SVKKKPH 
700 1 |a Anděl, Michal  |4 aut 
910 |a svkkk 
919 |a 80-85623-60-9 
974 |a MI  |d 19951031 
974 |a PA  |d 19951011 
974 |a EG  |d 19951127 
998 |a BK 
090 |g SCKHL  |k Sklad Pribinova prízemie  |a IV.168939  |j 885297  |i 2720109625  |s Absenčne 
090 |g SCKHL  |k Sklad Pribinova prízemie  |a IV.168940  |j 885298  |i 2720058843  |s Absenčne 
090 |g SCKHL  |k Sklad Pribinova prízemie  |a IV.169294  |j 886495  |i 2720044608  |s Absenčne